000 002490000a22000970004500
100 1 _aGutiérrez, Carlotica
245 1 0 _aLa epístola a los Hebreos
300 _aVol. 9, Núm 46 (1997), Páginas 26-27
773 0 _tImpacto Presbiteriano
942 _cANA
999 _c51040
_d51040